|
|
|
|
| LEADER |
01205nam a2200277 a 4500 |
| 001 |
14107 |
| 003 |
BD-DhAAL |
| 008 |
090819s2003 xxu f 000 0 eng d |
| 999 |
|
|
|c 3475
|d 3475
|
| 020 |
|
|
|a 019438750X
|
| 040 |
|
|
|a KLG001
|b cze
|d OLA001
|d BD-DhAAL
|
| 082 |
0 |
0 |
|a 428.0071
|2 22
|
| 100 |
1 |
|
|a Soars, John,
|d 1951-
|9 40324
|
| 245 |
1 |
0 |
|a New Headway :
|b intermediate student's book /
|c Liz and John Soars
|
| 250 |
|
|
|a The new edition
|
| 260 |
|
|
|a Oxford :
|b Oxford University Press,
|c 2003
|
| 300 |
|
|
|a 159 pages :
|b illustrations ;
|c 28 cm.
|
| 541 |
1 |
|
|e 00014107
|
| 650 |
|
0 |
|a English language
|x Study and teaching
|x Foreign speakers.
|9 40325
|
| 650 |
|
0 |
|a English language
|x Spoken English
|x Study and teaching.
|9 40326
|
| 650 |
|
0 |
|a English language
|x Pronunciation
|x Study and teaching.
|9 40327
|
| 650 |
|
0 |
|a English language
|x Pronunciation by foreign speakers.
|9 40328
|
| 700 |
1 |
|
|a Soars, Liz,
|d 1945-
|9 40329
|
| 852 |
4 |
|
|a Ayesha Abed Library
|j General Stacks
|
| 942 |
|
|
|2 ddc
|c BK
|
| 952 |
|
|
|0 0
|1 0
|2 ddc
|4 0
|6 428_007100000000000_SOA
|7 0
|9 3156
|a BRACUL
|b BRACUL
|c GEN
|d 2009-09-01
|g 680.00
|l 10
|m 19
|o 428.0071 SOA
|p 3010014107
|r 2018-12-04
|s 2018-10-11
|t 1
|v 1360.00
|w 2009-09-01
|y BK
|x Price available in register book.
|